30 let socialistického lékárenství ve Středočeském kraji

Bibliographic Details
Main Author: Polášek, Květoslav, 1924-1983 (Author)
Format: Article
Language:Slovak
Czech
PhysicalDescription:Tb. 1.
Subjects:

MARC

LEADER 00000nab a2200000 a 4500
001 vtls000073657
003 SK-MaSNL
005 20260304071743.0
008 250422c1980 xo 0 slo
015 |a SNBRB19rr/mm-uuuuu 
035 |a CL0083758 
035 |a urn:nbn:sk:snk-ab1ohl 
035 |a (urnnbn)urn:nbn:sk:snk:ar-004r2k 
035 |a (uuid)a186688d-424e-408b-a293-06017ebbe94e 
040 |a SNKBUCL  |b slo  |c SNKBUCL  |e AACR2 
041 0 |a cze 
044 |a xo  |c SK 
080 |a 615.1  |2 1981 
100 1 |a Polášek, Květoslav,  |d 1924-1983  |4 aut  |9 138691 
245 1 0 |a 30 let socialistického lékárenství ve Středočeském kraji  |c K. Polášek 
300 |b Tb. 1. 
650 0 7 |a lekárnictvo socialistické  |2 snkbucl  |9 1357859 
651 7 |a Středočeský kraj (Česko)  |2 SNKPHgeo  |9 81542 
655 7 |a články z novín a časopisov  |2 snkbucl  |9 267496 
773 0 |t Farmaceutický obzor  |g Roč. 49, č. 12 (1980), s. 529-532 
850 |a Slovenská národná knižnica 
852 |a Slovenská národná knižnica 
954 |a odborná, vedecká literatúra cudzojazyčná (svetová)  |2 lita 
954 |a odborná, vedecká literatúra pôvodná (slovenská)  |2 lita 
957 |a 3200 
958 |a article27 
958 |a OND 
958 |a RK 
958 |a MI 
958 |a CZ 
958 |a EUIPO 
992 |a RBX 
999 |c 2761925  |d 2763855